Study on Antigenic Variation of Foot And Mouth Disease isolates Secured During The Last Outbreaks / (رقم التسجيلة. 177708)

تفاصيل مارك
000 -LEADER
fixed length control field 01448namaa22003131i 4500
005 - أخر تعامل مع التسجيلة
control field 20260307142303.0
008 - FIXED-LENGTH DATA ELEMENTS--GENERAL INFORMATION
fixed length control field 260115s1996 ua a|||frm||| 000 0 eng d
040 ## - CATALOGING SOURCE
Original cataloguing agency EG-GICUC
Language of cataloging eng
Transcribing agency EG-GICUC
Modifying agency EG-GICUC
Description conventions rda
041 0# - LANGUAGE CODE
Language code of text/sound track or separate title eng
Language code of summary or abstract eng
-- ara
049 ## - Acquisition Source
Acquisition Source Deposit
097 ## - Degree
Degree M.Sc
099 ## - LOCAL FREE-TEXT CALL NUMBER (OCLC)
Local Call Number Cai01.10.17.M.Sc.1996.He.S
100 0# - MAIN ENTRY--PERSONAL NAME
Authority record control number or standard number Hesham Khalaf Abd-ELbary Hassan,
Preparation preparation.
245 10 - TITLE STATEMENT
Title Study on Antigenic Variation of Foot And Mouth Disease isolates Secured During The Last Outbreaks /
Statement of responsibility, etc. By Hesham Khalaf Abd-ELbary Hassan; Supervision Of Prof. Dr. Mohamed Sami Saber, Dr. Samira Abd EL-Salam EL-Kilany.
246 15 - VARYING FORM OF TITLE
Title proper/short title دراسة عن التغيرات الأنتيجينية في الفيروس الحمى القلاعية المتحفظ عليه خلال الأوبئة الأخيرة
264 #0 - PRODUCTION, PUBLICATION, DISTRIBUTION, MANUFACTURE, AND COPYRIGHT NOTICE
Date of production, publication, distribution, manufacture, or copyright notice 1996.
300 ## - PHYSICAL DESCRIPTION
Extent 138 pages :
Other physical details illustrations ;
Dimensions 30 cm. +
336 ## - CONTENT TYPE
Source rda content
Content type term text
337 ## - MEDIA TYPE
Source rdamedia
Media type term Unmediated
338 ## - CARRIER TYPE
Source rdacarrier
Carrier type term volume
502 ## - DISSERTATION NOTE
Dissertation note Thesis (M.Sc.)-Cairo University, 1996.
504 ## - BIBLIOGRAPHY, ETC. NOTE
Bibliography, etc. note Bibliography: pages 113-138.
653 #0 - INDEX TERM--UNCONTROLLED
Uncontrolled term Virology
700 0# - ADDED ENTRY--PERSONAL NAME
Personal name Mohamed Sami Saber
Relator term thesis advisor.
700 0# - ADDED ENTRY--PERSONAL NAME
Personal name Samira Abd EL-Salam EL-Kilany
Relator term thesis advisor.
900 ## - Thesis Information
Department Department of Virology
Faculties Faculty of Veterinary Medicine
Universities Cairo University
Grant date 1996
Supervisory body Mohamed Sami Saber
-- Samira Abd EL-Salam EL-Kilany
905 ## - Cataloger and Reviser Names
Cataloger Name Eman El gebaly
Reviser Names Nourhan
942 ## - ADDED ENTRY ELEMENTS (KOHA)
Source of classification or shelving scheme Dewey Decimal Classification
Koha item type Thesis
Edition 21
Suppress in OPAC No
المقتنيات
Source of classification or shelving scheme Home library Current library Date acquired Inventory number Full call number Barcode Date last seen Effective from Koha item type
Dewey Decimal Classification المكتبة المركزبة الجديدة - جامعة القاهرة مكتبة المئوية 15.01.2026 27996 Cai01.10.17.M.Sc.1996.He.S. 01010110027996000 15.01.2026 15.01.2026 Thesis
Cairo University Libraries Portal Implemented & Customized by: Eng. M. Mohamady Contacts: new-lib@cl.cu.edu.eg | cnul@cl.cu.edu.eg
CUCL logo CNUL logo
© All rights reserved — Cairo University Libraries
CUCL logo
Implemented & Customized by: Eng. M. Mohamady Contact: new-lib@cl.cu.edu.eg © All rights reserved — New Central Library
CNUL logo
Implemented & Customized by: Eng. M. Mohamady Contact: cnul@cl.cu.edu.eg © All rights reserved — Cairo National University Library